<?xml version="1.0" encoding="UTF-8"?>
<marc:record xmlns:marc="http://www.loc.gov/MARC21/slim">
   <marc:leader>00000nam a2200000 a 4500</marc:leader>
   <marc:datafield ind1="1" ind2=" " tag="100">
      <marc:subfield code="a">Hilmes, Oliver</marc:subfield>
      <marc:subfield code="4">aut</marc:subfield>
      <marc:subfield code="e">Verfasser/-in</marc:subfield>
   </marc:datafield>
   <marc:datafield ind1=" " ind2=" " tag="653">
      <marc:subfield code="a">Zweiter Weltkrieg</marc:subfield>
   </marc:datafield>
   <marc:datafield ind1=" " ind2=" " tag="653">
      <marc:subfield code="a">Kriegsende</marc:subfield>
   </marc:datafield>
   <marc:datafield ind1=" " ind2=" " tag="653">
      <marc:subfield code="a">Geschichte 1945</marc:subfield>
   </marc:datafield>
   <marc:datafield ind1="0" ind2="0" tag="245">
      <marc:subfield code="a">Ein Ende und ein Anfang</marc:subfield>
   </marc:datafield>
   <marc:datafield ind1="0" ind2="0" tag="245">
      <marc:subfield code="b">wie der Sommer 45 die Welt veränderte</marc:subfield>
   </marc:datafield>
   <marc:datafield ind1="0" ind2="0" tag="245">
      <marc:subfield code="c">Hilmes, Oliver</marc:subfield>
   </marc:datafield>
   <marc:datafield ind1=" " ind2="1" tag="264">
      <marc:subfield code="a">München</marc:subfield>
      <marc:subfield code="b">Siedler</marc:subfield>
      <marc:subfield code="c">2025</marc:subfield>
   </marc:datafield>
   <marc:datafield ind1=" " ind2=" " tag="250">
      <marc:subfield code="a">1. Auflage</marc:subfield>
   </marc:datafield>
   <marc:datafield ind1="1" ind2=" " tag="520">
      <marc:subfield code="a">Das Porträt des Sommers 1945, wie man es noch nie gelesen hat - ein packend erzähltes Geschichtspanorama&#xD;
&#xD;
In diesem Sommer ist nichts mehr, wie es war: In den vier Monaten von Mai bis September 1945 bricht die alte Welt zusammen, und eine neue tut sich auf. Das verbrecherische »Dritte Reich« ist am Ende, und eine Zeit der Freiheit, aber auch neuer Konflikte, nimmt ihren Anfang. &#xD;
Wie erleben die Menschen diesen Sommer – Sieger wie Besiegte, Opfer wie Täter, Prominente wie Unbekannte? Die »Großen Drei« bestimmen auf der Potsdamer Konferenz den Gang der Geschichte, und die Berliner Hausfrau Else Tietze bangt um das Leben ihres Sohnes. Der US-Soldat Klaus Mann spürt Nazi-Verbrecher auf, und in Berlin plant Billy Wilder eine Komödie über das Leben in den Ruinen. Cafés und Restaurants öffnen ihre Türen, und der Rotarmist Wassili Petrowitsch wird von deutschen Kindern um Brot angebettelt. In vielen Geschichten und Szenen, die von Berlin nach Tokio führen, von München nach Paris oder von Bayreuth nach Moskau, fängt Oliver Hilmes die einzigartige Atmosphäre dieser Zeit der Extreme ein: das große Glück und die Hoffnung der Befreiten, das Elend und die Trauer, die Ängste der Besiegten und die neue Freiheit.</marc:subfield>
   </marc:datafield>
   <marc:datafield ind1=" " ind2=" " tag="020">
      <marc:subfield code="a">9783827501899</marc:subfield>
      <marc:subfield code="9">9783827501899</marc:subfield>
   </marc:datafield>
   <marc:datafield ind1=" " ind2=" " tag="041">
      <marc:subfield code="a">ger</marc:subfield>
   </marc:datafield>
   <marc:datafield ind1=" " ind2=" " tag="300">
      <marc:subfield code="b">Illustrationen</marc:subfield>
   </marc:datafield>
   <marc:datafield ind1=" " ind2=" " tag="300">
      <marc:subfield code="a">287 Seiten</marc:subfield>
   </marc:datafield>
</marc:record>
